000 00200 a2200097 4500
001 48493
100 _aDrucker, P.F
245 _aManagement
260 _aLondon
_bPan books
_c
090 _c31429
_d31429
942 _aNUST-CAE
_cM
_c23813
999 _c283566
_d283566